Health and fitness. (Record no. 37963)

MARC details
000 -LEADER
fixed length control field 00626cam a22002291 4500
001 - CONTROL NUMBER
control field med47000089
003 - CONTROL NUMBER IDENTIFIER
control field DLC
005 - DATE AND TIME OF LATEST TRANSACTION
control field 20260227111558.0
008 - FIXED-LENGTH DATA ELEMENTS--GENERAL INFORMATION
fixed length control field 770909s1946 xx 000 0 eng c
010 ## - LIBRARY OF CONGRESS CONTROL NUMBER
LC control number med47000089
035 ## - SYSTEM CONTROL NUMBER
System control number (OCoLC)3254605
040 ## - CATALOGING SOURCE
Original cataloging agency U.S. Army medical library
Transcribing agency OC
Modifying agency InU
-- DLC
042 ## - AUTHENTICATION CODE
Authentication code premarc
050 10 - LIBRARY OF CONGRESS CALL NUMBER
Classification number RA776
Item number .M488
060 ## - NATIONAL LIBRARY OF MEDICINE CALL NUMBER
Classification number WC 113 M559h 1946
082 ## - DEWEY DECIMAL CLASSIFICATION NUMBER
Classification number 613
100 1# - MAIN ENTRY--PERSONAL NAME
Personal name Meredith, Florence L.
Fuller form of name (Florence Lyndon),
Dates associated with a name 1883-1951.
245 10 - TITLE STATEMENT
Title Health and fitness.
260 ## - PUBLICATION, DISTRIBUTION, ETC.
Place of publication, distribution, etc. Boston,
Name of publisher, distributor, etc. Heath
Date of publication, distribution, etc. [1946]
300 ## - PHYSICAL DESCRIPTION
Extent x, 325 p.
Other physical details illus., ports.
Dimensions 24 x 19 cm.
650 #0 - SUBJECT ADDED ENTRY--TOPICAL TERM
Topical term or geographic name entry element Hygiene.

No items available.

Powered by Koha